Statistics for Least Developed Countries

Click here to take the quiz!

General Stats

  • This quiz has been taken 29 times
    (25 since last reset)
  • The average score is 43 of 46

Answer Stats

Africa% Correct
Democratic Republic of the Congo
100%
Niger
100%
Afghanistan
95%
Angola
95%
Bangladesh
95%
Benin
95%
Bhutan
95%
Burkina Faso
95%
Central African Republic
95%
Chad
95%
Djibouti
95%
Eritrea
95%
Ethiopia
95%
Gambia
95%
Guinea
95%
Guinea-Bissau
95%
Haiti
95%
Malawi
95%
Mali
95%
Mauritania
95%
Mozambique
95%
Senegal
95%
Sierra Leone
95%
Solomon Islands
95%
Somalia
95%
Togo
95%
Tuvalu
95%
Zambia
95%
Burundi
90%
Cambodia
90%
Comoros
90%
Kiribati
90%
Laos
90%
Lesotho
90%
Liberia
90%
Madagascar
90%
Myanmar
90%
Nepal
90%
Rwanda
90%
São Tomé and Príncipe
90%
South Sudan
90%
Sudan
90%
Tanzania
90%
Uganda
90%
Yemen
90%
East Timor
86%

Score Distribution

Percentile by Number Answered

Percent of People with Each Score

Your Score History

You have not taken this quiz since the last reset